Statistics for Biggest Non-Asian Cities

Click here to take the quiz!

General Stats

  • This quiz has been taken 49 times
    (20 since last reset)
  • The average score is 40 of 47

Answer Stats

Population City % Correct
23,649,255New York City
100%
4,069,000Berlin
100%
8,991,000Bogotá
100%
6,171,000Madrid
100%
10,858,000Paris
100%
8,751,807San Francisco
100%
15,058,000Los Angeles
100%
15,600,000Cairo
100%
16,170,000Moscow
100%
20,063,000Mexico City
100%
4,194,000Phoenix
94%
6,225,000Santiago
94%
5,257,000Milan
94%
5,570,000Philadelphia
94%
5,764,000Miami
94%
20,365,000São Paulo
94%
4,693,000Barcelona
94%
5,764,000Houston
94%
3,906,000Rome
94%
11,727,000Rio de Janeiro
94%
9,156,000Chicago
94%
14,122,000Buenos Aires
94%
13,123,000Lagos
88%
8,434,292Johannesburg
88%
4,588,000Sydney
88%
5,126,000Saint Petersburg
88%
11,587,000Kinshasa
88%
10,750,000Lima
88%
10,236,000London
88%
6,174,000Dallas
88%
13,287,000Istanbul
82%
5,015,000Atlanta
82%
4,889,000Washington, D.C.
82%
4,478,000Boston
82%
4,517,000Belo Horizonte
76%
4,530,000Melbourne
76%
6,456,000Toronto
76%
4,738,000Nairobi
76%
4,603,000Guadalajara
71%
4,689,000Alexandria
65%
5,125,000Khartoum
65%
4,127,963Montreal
65%
5,899,000Luanda
65%
4,219,000Dar es Salaam
59%
4,083,000Monterrey
59%
4,145,000Accra
47%
4,800,000Abidjan
41%

Score Distribution

Percentile by Number Answered

Percent of People with Each Score

Your Score History

You have not taken this quiz since the last reset